Social Capital and Self-Employment /
En este ensayo se expone el capital social de los individuos adoptando una perspectiva microrelacional. La definición adoptada de capital social, de hecho, se encuentra centrada en contactos e intercambios personales. La reconstrucción de redes individuales pueden precisamente retratar los recursos...
Gespeichert in:
| 1. Verfasser: | |
|---|---|
| Format: | Text |
| Schlagworte: | |
| Tags: |
Tag hinzufügen
Keine Tags, Fügen Sie den ersten Tag hinzu!
|
MARC
| LEADER | 00000 a a2200000 04500 | ||
|---|---|---|---|
| 001 | 8873 | ||
| 003 | |||
| 040 | |||
| 100 | |a Barbieri, Paolo | ||
| 245 | |a Social Capital and Self-Employment / |c Paolo Barbieri | ||
| 520 | |a En este ensayo se expone el capital social de los individuos adoptando una perspectiva microrelacional. La definición adoptada de capital social, de hecho, se encuentra centrada en contactos e intercambios personales. La reconstrucción de redes individuales pueden precisamente retratar los recursos de las redes utilizados por los actores. El presente estudio se erige sobre el conocimiento acumulado de investigaciones previas y sobre literatura existente en torno al capital social, pero dirige su atención hacia la división ocupacional entre los cuentapropistas | ||
| 650 | |a CAPITAL SOCIAL | ||
| 650 | |a DESIGUALDAD SOCIAL | ||
| 650 | |a TRABAJADORES INDEPENDIENTES | ||
| 650 | |a REDES SOCIALES | ||
| 773 | |g volumen 4, número 18; páginas 681-701 | ||
| 999 | |c 36266 |d 36266 | ||
